| 000 | 00400nam a22001697a 4500 | ||
|---|---|---|---|
| 003 | OSt | ||
| 005 | 20221129155419.0 | ||
| 008 | 221114b |||||||| |||| 00| 0 eng d | ||
| 040 | _cDLC | ||
| 050 | _bP339N | ||
| 082 | _bP339N | ||
| 100 | _aPawson, David | ||
| 245 | _aThe Normal Christian Birth | ||
| 260 |
_aVellore, India: _bBlessing Youth Mission, _c1989. |
||
| 300 | _a327p. | ||
| 942 |
_2ddc _cBK |
||
| 999 |
_c10972 _d10972 |
||